Ricín - rastlinný toxín s možným terapeutickým využitím

Bibliographic Details
Main Author: Nagy, Milan, 1957- (Author)
Format: Article
Language:Slovak
ISSN:1210-7816
Subjects:

MARC

LEADER 00000nab a2200000 a 4500
001 vtls000882872
003 SK-MaSNL
005 20260304131013.0
008 250429c2004 xo 0 slo
015 |a SNBRB2004/09-25546 
035 |a CLN000234358 
035 |a urn:nbn:sk:snk-abafd6 
035 |a (urnnbn)urn:nbn:sk:snk:ar-007x87 
035 |a (uuid)ebc4be1c-a94d-40d4-beb3-c3649735d9d6 
040 |a SNKBUCL  |b slo  |c SNKBUCL  |e AACR2 
041 0 |a slo 
044 |a xo  |c SK 
080 |a 547.962.3  |2 1997 
100 1 |a Nagy, Milan,  |d 1957-  |4 aut  |9 204750 
245 1 0 |a Ricín - rastlinný toxín s možným terapeutickým využitím  |c M. Nagy 
246 1 1 |a Ricin - a plant toxin with possible therapeutic use 
504 |a Res. angl., slov. 
504 |a Bibliogr. odkazy 
650 0 7 |a ricín (botanika)  |2 MESH  |9 249667 
650 0 7 |a imunotoxíny  |2 MESH  |9 1181857 
650 0 7 |a ricín (toxín)  |2 MESH  |9 249666 
650 0 7 |a ricínolejové kyseliny  |2 MESH  |9 1443398 
650 0 7 |a ricínový olej  |2 MESH  |9 28097 
650 0 7 |a účinky toxické  |2 MESH  |9 1443399 
655 7 |a články z novín a časopisov  |2 snkbucl  |9 267496 
773 0 |t Česká a slovenská farmacie  |g Roč. 53, č. 3 (2004), s. 131-134  |x 1210-7816 
850 |a Slovenská národná knižnica 
852 |a Slovenská národná knižnica 
954 |a odborná, vedecká literatúra pôvodná (slovenská)  |2 lita 
958 |a article14 
958 |a MI 
958 |a NB 
958 |a OND 
958 |a EUIPO 
999 |c 2895921  |d 2897851